World Rally Championship Winning Countries - Statistics

General Stats
  • This quiz has been taken 254 times
    214 since last reset
  • The average score is 7 of 8
Answer Stats
Championship nations WRCs % Correct
France 15
98%
Finland 14
96%
United Kingdom 2
96%
Spain 2
89%
Germany 2
88%
Sweden 2
88%
Italy 3
87%
Norway 1
77%
No matching quizzes found
Score Distribution
Percent of People with Each Score
Percentile by Number Answered
Your Score History
You have not taken this quiz since the last reset